000 00513nam a2200169Ia 4500
999 _c37050
_d37050
003 OSt
005 20211202131757.0
008 190216s9999||||xx |||||||||||||| ||und||
040 _coclc
082 _a892.709
_bASI/T
100 _aAsiyath, Ahmad Hasan
_98827
245 0 _aThareehul Adabul Arabi :
_cAhmad Hasan Asiyath
_b al madarisu sanaviyaval ulya /
260 _bAl Huda Book Stall,
_c2009
300 _a408p
650 _aArabic
942 _cBK
_2ddc
_h892.709
_iASI/T
_k892.709
_mASI/T